University Home | Library Home | Institutional Repository

Present concepts of rehabilitation in tuberculosis : (Record no. 45734)

MARC details
000 -LEADER
fixed length control field 00669cam6a220020500 4500
001 - CONTROL NUMBER
control field qce02430393
005 - DATE AND TIME OF LATEST TRANSACTION
control field 20190813182211.0
008 - FIXED-LENGTH DATA ELEMENTS--GENERAL INFORMATION
fixed length control field 820221s1948 dcu 000 0 eng d
035 ## - SYSTEM CONTROL NUMBER
System control number (Sirsi) r27436
035 ## - SYSTEM CONTROL NUMBER
System control number (QCAT)lss04956366
035 ## - SYSTEM CONTROL NUMBER
System control number (UPRA)qce02430393
040 ## - CATALOGING SOURCE
Modifying agency UPRA
060 0# - NATIONAL LIBRARY OF MEDICINE CALL NUMBER
Classification number WF 310
Item number K47p 1948
100 1# - MAIN ENTRY--PERSONAL NAME
Personal name Kiefer, Norvin C.
Linkage A91530.1
245 10 - TITLE STATEMENT
Title Present concepts of rehabilitation in tuberculosis :
Remainder of title a review of the literature, 1938-1947.
260 ## - PUBLICATION, DISTRIBUTION, ETC.
Place of publication, distribution, etc. [Washington, DC] :
Name of publisher, distributor, etc. National Tuberculosis Association,
Date of publication, distribution, etc. [c1948]
504 ## - BIBLIOGRAPHY, ETC. NOTE
Bibliography, etc. note Bibliography: p. 307-354.
949 ## - LOCAL PROCESSING INFORMATION (OCLC)
a RC311.1
w LC
i -28761
m MEDICAL
t BOOK
l ON-SHELF
Holdings
Withdrawn status Lost status Source of classification or shelving scheme Damaged status Not for loan Home library Current library Shelving location Total Checkouts Full call number Barcode Date last seen Copy number Price effective from Koha item type
    Library of Congress Classification     Medical Library Medical Library On Shelf   RC311.1 -28761 08/13/2019 1 08/13/2019 Book
© 2026 - The University of Zambia Library - Koha v25.11